Kultivujme vzťahy a hľadajme kompromis

Agrodotácie v okolitých štátoch likvidačné pre slovenských poľnohospodárov. Nízka konkurencieschopnosť slovenskej poľnohospodárskej a potravinárskej výroby. Vážny problém, ktorý si vyžaduje riešenie. Znevýhodnenie Slovenska na spoločnom trhu. Snaha o presadenie zmeny Spoločnej poľnohospodárskej poli...

Full description

Saved in:
Bibliographic Details
Main Author: Hinková, Andrea
Format: Book Chapter
Language:Slovak
Subjects:
Tags: Add Tag
No Tags, Be the first to tag this record!

MARC

LEADER 00000naa a2200000 4500
001 0151973
005 20231109070455.9
041 0 |a slo 
044 |a SK 
245 1 0 |a Kultivujme vzťahy a hľadajme kompromis  |c Andrea Hinková 
520 |a Agrodotácie v okolitých štátoch likvidačné pre slovenských poľnohospodárov. Nízka konkurencieschopnosť slovenskej poľnohospodárskej a potravinárskej výroby. Vážny problém, ktorý si vyžaduje riešenie. Znevýhodnenie Slovenska na spoločnom trhu. Snaha o presadenie zmeny Spoločnej poľnohospodárskej politiky (CAP) pre roky 2014-2020. Vina obchodných reťazcov, ktoré odstavili slovenského výrobcu na vedľajšiu koľaj. 
610 2 0 |a poľnohospodárstvo 
610 2 0 |a výrobky poľnohospodárske 
610 2 0 |a potravinárstvo 
610 2 0 |a potraviny 
610 2 0 |a dotácie 
610 2 0 |a maloobchod 
610 2 0 |a konkurencieschopnosť 
610 2 0 |a konkurencia 
610 2 0 |a Slovensko 
610 2 0 |a Európska únia 
100 1 |a Hinková, Andrea